| 000 | 00874nam a2200205 i 4500 | ||
|---|---|---|---|
| 001 | 188009 | ||
| 003 | ES-MaACL | ||
| 005 | 20230906223059.0 | ||
| 008 | 180409s1962 sp |||| | spa d | ||
| 110 | 2 |
_aConsejo Económico Sindical Provincial (León) _9164558 |
|
| 245 | 1 | 0 | _aPerspectivas de desarrollo económico de la provincia de León (en los próximos cinco años). |
| 260 |
_a[S.l. : _bs.n.], _c1962 ( _eMadrid : _fHispalense Industrial) |
||
| 300 |
_a130 p. ; _c28 cm. |
||
| 490 | 1 |
_aOrganizacion Sindical. Consejo Económico Nacional. Gabinete Técnico ; _v35 |
|
| 594 | _aPrecede al tít.: Consejo Económico Sindical Provincial, León. | ||
| 651 | 4 |
_aLeón (Provincia)- _xSituación económica. _9164484 |
|
| 830 | 0 |
_aOrganizacion Sindical. Consejo Económico Nacional. Gabinete Técnico ; _v35 _9192940 |
|
| 852 |
_aES-MaACL _jB-13782 |
||
| 999 |
_c188009 _d188009 |
||